<?xml version="1.0" encoding="UTF-8"?>
<record
    xmlns:xsi="http://www.w3.org/2001/XMLSchema-instance"
    xsi:schemaLocation="http://www.loc.gov/MARC21/slim http://www.loc.gov/standards/marcxml/schema/MARC21slim.xsd"
    xmlns="http://www.loc.gov/MARC21/slim">

  <leader>02162nam a22002657a 4500</leader>
  <controlfield tag="005">20240118112424.0</controlfield>
  <controlfield tag="008">240118b           ||||| |||| 00| 0 eng d</controlfield>
  <datafield tag="020" ind1=" " ind2=" ">
    <subfield code="a">9789358892338</subfield>
  </datafield>
  <datafield tag="040" ind1=" " ind2=" ">
    <subfield code="c">AL</subfield>
  </datafield>
  <datafield tag="041" ind1=" " ind2=" ">
    <subfield code="a">English</subfield>
  </datafield>
  <datafield tag="082" ind1=" " ind2=" ">
    <subfield code="2">23</subfield>
    <subfield code="a">351.3</subfield>
    <subfield code="b">ARIU</subfield>
  </datafield>
  <datafield tag="100" ind1=" " ind2=" ">
    <subfield code="a">Arihant</subfield>
    <subfield code="9">148183</subfield>
  </datafield>
  <datafield tag="245" ind1=" " ind2=" ">
    <subfield code="a">UPSC 2024: IAS Prelims Twenty Nine Years Chapterwise Topicwise Solved Papers 1995-2023</subfield>
  </datafield>
  <datafield tag="260" ind1=" " ind2=" ">
    <subfield code="a">New Delhi </subfield>
    <subfield code="b">Arihant </subfield>
    <subfield code="c">2024</subfield>
  </datafield>
  <datafield tag="300" ind1=" " ind2=" ">
    <subfield code="a">833 p.</subfield>
    <subfield code="b">PB</subfield>
    <subfield code="c">27x21.5 cm.</subfield>
  </datafield>
  <datafield tag="365" ind1=" " ind2=" ">
    <subfield code="a">7159</subfield>
    <subfield code="b">&#x20B9;556.00</subfield>
    <subfield code="c">&#x20B9;</subfield>
    <subfield code="d">&#x20B9;695.00</subfield>
    <subfield code="e">20%</subfield>
    <subfield code="f">10-01-2024</subfield>
  </datafield>
  <datafield tag="520" ind1=" " ind2=" ">
    <subfield code="a">UPSC (IAS) Solved Papers 2023
Entire syllabus covered in 2 Parts
Mains Exam PYQs.
BOOK FEATURES
Provides Previous Years&#x2019; Papers from 1995-2023
Structured in a Chapterwise-Topicwise manner
Proper reference of the previous years&#x2019;
Detailed explanation with updated facts in each question
5 Years&#x2019; Trend analysis and Preparation strategy
Topicwise MAINS questions (Essay &amp; GS I, II, III, IV) for practice
More than 3500 revision bullets for last-minute revision
UPSC (IAS) 2023 Solved Papers to analyze the exam trend.
WHY THIS BOOK?
15TH Revised edition of &#x201C;UPSC 2024 IAS PRELIMS 29 YEARS&#x2019; CHAPTERWISE-TOPICWISE SOLVED PAPERS (1995-2023)
About the Exam, Plan of the Exam, and detailed syllabus are given at the end
Subjectwise Strategy and Trend Analysis of Paper I &amp; II are also given.</subfield>
    <subfield code="b">Table of Contents :
UPSC (IAS) Solved Papers (General Studies and CSAT) 2023, Paper-1: History of India and Indian National Movement, India and World Geography, Indian Polity and Indian Economy, General Science and Technology, General Knowledge and Current Affairs, Paper-2: Comprehension, Decision Making and Problem Solving, General Mental Ability, Logical Reasoning, and Analytical Ability, Basic Numeracy, Data Interpretation, English Language Comprehension, Mains Exam PYQs (Essay, General Studies I, II, III, IV)</subfield>
  </datafield>
  <datafield tag="650" ind1=" " ind2=" ">
    <subfield code="a"> Paper1 General Studies</subfield>
    <subfield code="9">148098</subfield>
  </datafield>
  <datafield tag="650" ind1=" " ind2=" ">
    <subfield code="a">Paper 2 CSAT</subfield>
    <subfield code="9">148099</subfield>
  </datafield>
  <datafield tag="650" ind1=" " ind2=" ">
    <subfield code="a"> Competitive Exam</subfield>
    <subfield code="9">148100</subfield>
  </datafield>
  <datafield tag="650" ind1=" " ind2=" ">
    <subfield code="a"> Indian and World Geography</subfield>
    <subfield code="9">148101</subfield>
  </datafield>
  <datafield tag="650" ind1=" " ind2=" ">
    <subfield code="a">Indian Polity and Governance</subfield>
    <subfield code="9">148102</subfield>
  </datafield>
  <datafield tag="700" ind1=" " ind2=" ">
    <subfield code="a"> ARIHANT</subfield>
    <subfield code="9">148105</subfield>
  </datafield>
  <datafield tag="942" ind1=" " ind2=" ">
    <subfield code="2">ddc</subfield>
    <subfield code="c">BK</subfield>
  </datafield>
  <datafield tag="999" ind1=" " ind2=" ">
    <subfield code="c">229652</subfield>
    <subfield code="d">229652</subfield>
  </datafield>
  <datafield tag="952" ind1=" " ind2=" ">
    <subfield code="0">0</subfield>
    <subfield code="1">0</subfield>
    <subfield code="2">ddc</subfield>
    <subfield code="4">0</subfield>
    <subfield code="7">0</subfield>
    <subfield code="8">OTH</subfield>
    <subfield code="a">AL</subfield>
    <subfield code="b">AL</subfield>
    <subfield code="d">2024-01-17</subfield>
    <subfield code="e">Biblios Book Point Surathkal Mangalore 575014</subfield>
    <subfield code="g">556.00</subfield>
    <subfield code="l">1</subfield>
    <subfield code="o">351.3 ARIU</subfield>
    <subfield code="p">077054</subfield>
    <subfield code="r">2025-06-13 13:56:18</subfield>
    <subfield code="s">2024-05-23</subfield>
    <subfield code="v">695.00</subfield>
    <subfield code="w">2024-01-18</subfield>
    <subfield code="y">BK</subfield>
  </datafield>
</record>
